000 00642nam a2200193Ia 4500
003 GCL
008 140319s9999 xx 000 0 ara d
040 _aGCL /
_cGCL
082 0 4 _a894.35
_bا م
100 1 _aاكمل الدين احسان اوغلى
245 1 0 _aمختارات من القصة القصيرة (هدية من الاديب عبدالفتاح الجمل) /
_cاكمل الدين احسان اوغلى
700 1 _aثروت عكاشة
300 _a205 ص
490 _a
650 0 4 _aالقصة القصيرة
650 0 4 _aالادب التركى
650 0 4 _aالادب التركى الحديث
942 _2ddc
_cBK
999 _c38444
_d38444